Love in the time of insurgency: (Record no. 181202)

MARC details
000 -LEADER
fixed length control field 00648nam a22001937a 4500
005 - DATE AND TIME OF LATEST TRANSACTION
control field 20210906114831.0
010 ## - LCCN (DPL NO)
LC control number ENG-129830
020 ## - INTERNATIONAL STANDARD BOOK NUMBER
Terms of availability 250.00
International Standard Book Number 9788187649069
035 ## - SYSTEM CONTROL NUMBER
System control number EN-113362
037 ## - SOURCE OF ACQUISITION
Source of stock number/acquisition DBAD/PUB
082 ## - DEWEY DECIMAL CLASSIFICATION NUMBER
Classification number N
100 ## - MAIN ENTRY--PERSONAL NAME
Personal name Bhattacharyya,Birendera Kumar
245 ## - TITLE STATEMENT
Title Love in the time of insurgency:
Statement of responsibility, etc Birendera Kumar Bhattacharyya ; translated from the Asomiya by the author.
250 ## - EDITION STATEMENT
Edition statement 2005
260 ## - PUBLICATION, DISTRIBUTION, ETC. (IMPRINT)
Name of publisher, distributor, etc Katha,
Date of publication, distribution, etc 2005
Place of publication, distribution, etc New Delhi
270 ## - ADDRESS
Electronic mail address kathavilasam@katha.org
City New Delhi
Postal code 110002
Address A3, Sarvodya Enclave, Sri Arbindo Marg,
Telephone number 011-26524390, 011-26524511
300 ## - PHYSICAL DESCRIPTION
Extent 247p.
Dimensions 21cm (pbk)
942 ## - ADDED ENTRY ELEMENTS (KOHA)
Source of classification or shelving scheme Dewey Decimal Classification
Item type English Books
Classification part N
Call number prefix BAR
Holdings
Withdrawn status Lost status Not for loan Collection code Home library Current library Date acquired Source of acquisition Cost, normal purchase price Full call number Barcode Copy number Cost, replacement price Koha item type
      Fiction Sarojini Nagar Sarojini Nagar 06/09/2021 DBAD/PUB 250.00 N EN-113362 1 250.00 English Books

© Delhi Public Library
Hit Counter
free hit counter